000 00922nmm a2200277 a 4500
001 ocm0002347367
003 TR-IsHL
005 20201028184713.0
008 190515s2019 tu eng
007 cr cn
020 _a9786057876942
035 _a2347367
_b(N$T)
050 0 4 _aPZ8
_b.G24 2019
090 0 4 _aPZ8
_b.G24 2019
100 1 _aGask, Lilian
245 1 0 _aThe fairies and the Christmas child
_h[electronic resource] /
_cLilian Gask ; illustrator: Willy Pogány
260 _aİstanbul :
_be-Kitap Projesi & Cheapest Books,
_c2019
300 _a171 p.
650 4 _aDil ve Edebiyat
650 4 _aLanguage and Literature
650 0 _aNoel hikayeleri
650 0 _aChristmas stories
650 7 _aJUVENILE FICTION / Fairy Tales & Folklore / General
_2bisacsh
700 1 _aPogany, Willy
856 4 0 _uhttp://search.ebscohost.com/login.aspx?direct=true&scope=site&db=e011xww&AN=2347367
999 _c21123
_d21123